Manual de contactología
Gorde:
| Egile nagusia: | |
|---|---|
| Formatua: | Liburua |
| Hizkuntza: | gaztelania |
| Argitaratua: |
Barcelona
Scriba
1997
|
| Gaiak: | |
| Etiketak: |
Etiketa erantsi
Etiketarik gabe, Izan zaitez lehena erregistro honi etiketa jartzen!
|
MARC
| LEADER | 00000nam a2200000 a 4500 | ||
|---|---|---|---|
| 001 | UCO8376 | ||
| 003 | CL-VaPUC | ||
| 008 | 001201e19970000SP |||||||||||||||||spa|d | ||
| 082 | 0 | 4 | |a 617.7523 |b LOP |2 21 |
| 100 | |a López Alemany, Antonio |e autor |9 535101 | ||
| 245 | 1 | 0 | |a Manual de contactología |
| 300 | |a 306 p | ||
| 942 | |c BK | ||
| 945 | |d 20001201 00:00:00 |a vberengu | ||
| 260 | |a Barcelona |b Scriba |c 1997 | ||
| 650 | 7 | |a DISPOSITIVOS OPTICOS |2 CL-VaPUC |9 433969 | |
| 650 | 7 | |a OPTOMETRIA |2 CL-VaPUC |9 453278 | |
| 650 | 7 | |a LENTES |2 CL-VaPUC |9 392940 | |
| 650 | 0 | |a Vista |9 265397 | |
| 583 | |a last modification |c 20001201 00:00:00 |k Rodrigo Vera | ||
| 999 | |c 293043 |d 293041 | ||
| 952 | |0 0 |1 0 |4 0 |6 617_752300000000000_LOP_1997 |7 0 |8 A |9 344170 |a BIBCUR |b BIBCUR |d 2019-11-20 |i 3672085 |o 617.7523 LOP 1997 |p 3672085 |r 2025-04-22 |w 2019-11-20 |y BK |k FIS | ||
| 952 | |0 0 |1 0 |4 0 |6 617_752300000000000_LOP_1997 |7 0 |8 A |9 344171 |a BIBCUR |b BIBCUR |d 2019-11-20 |i 3672093 |l 4 |o 617.7523 LOP 1997 |p 3672093 |r 2025-04-08 |s 2025-04-08 |w 2019-11-20 |y BK |k FIS | ||